| 000 | 00552nam a2200181Ia 4500 | ||
|---|---|---|---|
| 005 | 20250508155532.0 | ||
| 008 | 008 250505s9999 xx 000 0 eng d | ||
| 037 | _aBooks to be hide in OPAC | ||
| 040 |
_aFEDL _beng _cFEDL |
||
| 041 |
_aeng _2eng |
||
| 084 |
_a371.405, NCE _qFEDL |
||
| 245 | 0 | _aBasic education abstracts: 1957. No.1 | |
| 260 |
_aNew Delhi, India _bCentral Institute of Basic Education |
||
| 300 | _a27p. | ||
| 546 | _aNo. 1 Researches in basic education | ||
| 942 |
_cHB _h371.405, NCE |
||
| 999 |
_c1357522 _d1357522 |
||